Movies Quiz

Random Movies or Nominee Quiz
Score 0/54 Timer 10:00
0 Plays Today
Hint Answer % Correct
Mario PuzoThe Godfather
88.2%
Mario PuzoThe Godfather Part 2
86.8%
Mario PuzoThe Godfather Part 3
82.3%
Aaron SorkinThe Social Network
79.5%
Aaron SorkinA Few Good Men
63.2%
Paddy ChayefskyNetwork
61.8%
Steven ZaillianSchindler's List
57.7%
Paul SchraderTaxi Driver
56.8%
Eric RothForrest Gump
55.5%
Steven ZaillianMoneyball
55%
Aaron SorkinMoneyball
55%
Tony KushnerMunich
52.7%
Eric RothMunich
52.7%
Paul SchraderRaging Bull
52.3%
Simon BeaufoySlumdog Millionaire
51.8%
Tony KushnerLincoln
51.4%
Lawrence KasdanThe Big Chill
49.1%
Paddy ChayefskyMarty
43.6%
Lawrence KasdanRaiders of the Lost Ark
42.7%
William GoldmanButch Cassidy and the Sundance Kid
42.3%
Horton FooteTender Mercies
39.5%
Horton FooteTo Kill a Mockingbird
38.6%
Simon BeaufoyThe Full Monty
38.6%
Eric RothThe Curious Case of Benjamin Button
38.2%
Simon Beaufoy127 Hours
37.3%
William GoldmanAll the President's Men
36.4%
Bo GoldmanOne Flew Over the Cuckoo's Nest
35.9%
Hint Answer % Correct
Eric RothThe Insider
33.6%
Ernest LehmanThe Sound of Music
33.6%
Ernest LehmanWest Side Story
33.2%
Steven ZaillianAwakenings
32.3%
Steven ZaillianGangs of New York
32.3%
Charles BrackettSunset Blvd.
30.9%
Lawrence KasdanThe Accidental Tourist
30.5%
Charles BrackettThe Lost Weekend
27.3%
George SeatonAirport
25.5%
Bo GoldmanScent of a Woman
24.5%
Ernest LehmanHello Dolly!
22.7%
Richard BrooksElmer Gantry
22.7%
Ernest LehmanWho's Afraid of Virginia Woolf?
21.8%
Eric RothExtremely Loud and Incredibly Close
21.4%
Ernest LehmanThe King and I
20%
Ben HechtThe Front Page
19.5%
Richard BrooksCat on a Hot Tin Roof
18.6%
Dalton TrumboRoman Holiday
17.7%
Charles BrackettNinotchka
16.4%
Ben HechtWuthering Heights
14.1%
George SeatonThe Country Girl
13.6%
Ben HechtSpellbound
13.2%
George SeatonMiracle on 34th Street
12.7%
George SeatonThe Song of Bernadette
9.5%
Dalton TrumboKitty Foyle
9.1%
Ben HechtViva Villa!
8.2%
Charles BrackettHold Back the Dawn
8.2%

You're not logged in!

Compare scores with friends on all Sporcle quizzes.
OR
Log In

Sporcle TV

Today on Sporcle TV


Watch our educational content, quiz creation guides, and fun videos on Sporcle TV.

Show Comments

Extras

Top Quizzes Today


Score Distribution

Paid Content

Your Account Isn't Verified!

In order to create a playlist on Sporcle, you need to verify the email address you used during registration. Go to your Sporcle Settings to finish the process.

Report this User

Report this user for behavior that violates our Community Guidelines.

Details: